[Event "Geraardsbergen op"]
[Site "Geraardsbergen"]
[Date "2003.08.14"]
[Round "1"]
[White "Courteyn, Patrick"]
[Black "Van Leeuwen, Jan Matthijs"]
[Result "1-0"]
[WhiteElo "2072"]
[BlackElo "1619"]
[PlyCount "91"]
[EventDate "2003.08.??"]
[EventType "swiss"]
[EventRounds "7"]
[EventCountry "BEL"]
[SourceTitle "EXT 2005"]
[Source "ChessBase"]
[SourceDate "2004.11.15"]
[SourceVersion "1"]
[SourceVersionDate "2004.11.15"]
[SourceQuality "1"]

1. d4 d5 2. e3 Nf6 3. Bd3 c5 4. c3 e6 5. Nd2 Nbd7 6. f4 cxd4 7. exd4 Bd6 8. g3 Qc7 9. Ngf3 0-0 10. Ne5 Ne8 11. 0-0 f5 12. Ndf3 Ndf6 13. Ng5 g6 14. Qb3 Ne4 15. Nxe4 fxe4 16. Be2 a5 17. Be3 a4 18. Qc2 Ng7 19. g4 Qe7 20. Kg2 Bd7 21. c4 Rac8 22. c5 Bxe5 23. fxe5 b6 24. b4 Qe8 25. Rxf8+ Qxf8 26. Rf1 Qe7 27. Ba6 Rc7 28. b5 Qh4 29. h3 h5 30. Qf2 Qxf2+ 31. Rxf2 bxc5 32. dxc5 Bc8 33. Bxc8 Rxc8 34. b6 Ne8 35. b7 Rb8 36. c6 Nc7 37. Ba7 e3 38. Bxe3 d4 39. Bxd4 Nd5 40. Ba7 hxg4 41. Bxb8 gxh3+ 42. Kf3 g5 43. Bd6 g4+ 44. Kg3 Ne3 45. b8Q+ Kh7 46. Rf7+ 1-0